000 00635nam a2200241 a 4500
001 0001-1302
003 ELIB.Books
008 150707 2010 eng
020 _a139781586484835
035 _a(ELIB.Books)0001-1457
092 _a242
_bFre
100 _aFreedman, Marc.
245 _aEncore: Finding That Matters in the Second Half of Life
260 _aNew York
_bPublic Affairs
_c2007
300 _a255
_c21.5 Cm
500 _aLibrary
650 _aDevotional Literature
856 _nKBTS: Library
_uKBTS: Elib
942 _2ddc
_cBK
990 _a1
998 _cbat
_e2015-07-07
999 _c11302
_d11302